Responsabilidad del estado (Registro nro. 262)

Detalles MARC
000 -LEADER
fixed length control field 01605 a2200277 4500
001 - CONTROL NUMBER
control field 2287
005 - DATE AND TIME OF LATEST TRANSACTION
control field 20260407155423.0
008 - FIXED-LENGTH DATA ELEMENTS--GENERAL INFORMATION
fixed length control field 260407a2008 arg spa d
003 - CONTROL NUMBER IDENTIFIER
control field AR-UNSa-BCEJYS
040 ## - CATALOGING SOURCE
Original cataloging agency AR-UNSa-BCEJYS
Language of cataloging spa
Transcribing agency AR-UNSa-BCEJYS
080 ## - UNIVERSAL DECIMAL CLASSIFICATION NUMBER
Universal Decimal Classification number 35.076
Common auxiliary subdivision Deberes y competencias de los organismos públicos (Responsabilidad del estado)
020 ## - INTERNATIONAL STANDARD BOOK NUMBER
International Standard Book Number 978-950-727-957-7
041 ## - LANGUAGE CODE
Language code of text/sound track or separate title spa
100 1# - MAIN ENTRY--PERSONAL NAME
Personal name Aberastury, Pedro
245 10 - TITLE STATEMENT
Title Responsabilidad del estado
264 #1 - PRODUCTION, PUBLICATION, DISTRIBUTION, MANUFACTURE, AND COPYRIGHT NOTICE
Place of production, publication, distribution, manufacture Buenos Aires :
Name of producer, publisher, distributor, manufacturer Universidad de Buenos Aires. Facultad de Derecho. Departamento de Publicaciones
Date of production, publication, distribution, manufacture, or copyright notice 2008
300 ## - PHYSICAL DESCRIPTION
Extent viii, 661 p.
Dimensions 22 cm.
505 ## - FORMATTED CONTENTS NOTE
Formatted contents note 1. Aspectos generales - 2. Fundamentos jurídicos de la responsabilidad del Estado - 3. Presupuestos y alcance de la responsabilidad estatal - 4. Aspectos procesales de la acción de daños y perjuicios - 5. Responsabilidad del estado por su actividad legislativa y judicial - 6. Responsabilidad el estado en el ámbito internacional y de la integración regional - 7. Responsabilidad del Estado en materia de servicios públicos - 8. Responsabilidad del Estado por daño ambiental - 9. Responsabilidad del estado en materia de derechos humanos - 10. Responsabilidad del Estado por su actividad urbanística y de fomento
590 ## - LOCAL NOTE (RLIN)
Local note niveau_biblio:m niveau_hierar:0
700 1# - ADDED ENTRY--PERSONAL NAME
Personal name Alvarez, Omar Alberto
700 1# - ADDED ENTRY--PERSONAL NAME
Personal name Barbagelata, Jorge
700 1# - ADDED ENTRY--PERSONAL NAME
Personal name Bianchi, Alberto B.
700 1# - ADDED ENTRY--PERSONAL NAME
Personal name Cassagne, Juan Carlos
856 41 - ELECTRONIC LOCATION AND ACCESS
Uniform Resource Identifier <a href="https://biblioeco.unsa.edu.ar/pmb/images/libros/Responsabilidad del estado2-l118260.jpg">https://biblioeco.unsa.edu.ar/pmb/images/libros/Responsabilidad del estado2-l118260.jpg</a>
Link text Imagen de portada
Electronic format type image/jpeg
942 ## - ADDED ENTRY ELEMENTS (KOHA)
Koha item type
Existencias
Withdrawn status Lost status Damaged status Not for loan Home library Current library Shelving location Date acquired Total checkouts Full call number Barcode Date last seen Price effective from Koha item type
        Biblioteca Prof. Eusebio Cleto del Rey Biblioteca Prof. Eusebio Cleto del Rey   07/04/2026   35.076 R434 L118260 07/04/2026 07/04/2026 Libro
        Biblioteca Prof. Eusebio Cleto del Rey Biblioteca Prof. Eusebio Cleto del Rey   07/04/2026   35.076 R434 L117799 07/04/2026 07/04/2026 Libro